000 00478nam a2200181Ia 4500
001 11521
005 20260306162834.0
008 260306t2013||||xx |||||||||||||| ||spa||
041 _aESP
082 _a985.071
_bA49
100 _aAlvarez Calderón, María Delfina
_eAUT
245 0 _aEl saqueo olvidado:
_basalto a la casa de Augusto B. Leguía: 1930
260 _c2013
300 _a156 páginas :
_c24 cm.
650 _aGEN
654 _aCHU
942 _cLIB
_dJUS
_fJUS
_2ddc
_n
999 _c11521
_d11521